La justicia penal hoy : de su crisis a la búsqueda de soluciones /

Guardado en:
Autor Principal: Zaffaroni, Eugenio Raúl.
Otros Autores: Gómez Carrillo, Julio, (prol.)
Formato: Libro
Idioma:Spanish
Publicado: Buenos Aires : Fabián Di Plácido, 2000.
Edición:1a. ed.
Materias:
Etiquetas: Agregar Etiqueta
Sin Etiquetas, Sea el primero en etiquetar este registro!
LEADER 00590nam a22001695a 4500
001 DER.der014668
008 210825s2000####ag############000#0#spa#d
005 20250717124154.0
245 1 0 |a La justicia penal hoy :  |b de su crisis a la búsqueda de soluciones /  |c Eugenio Raúl Zaffaroni ; prólogo de Julio Gómez Carrillo. 
250 |a 1a. ed. 
260 |a Buenos Aires :  |b Fabián Di Plácido,  |c 2000. 
300 |a 369 p. 
020 |a 9879382110 
100 1 |a Zaffaroni, Eugenio Raúl. 
700 1 |a Gómez Carrillo, Julio,  |e prol. 
650 7 |a DERECHO PENAL 
859 |a DERECHO  |b BIB. DERECHO  |h 345  |i ZAF  |p 009988